Soulful simplicity: (Record no. 513086)

000 -LEADER
fixed length control field 00549nam a22001577a 4500
020 ## - INTERNATIONAL STANDARD BOOK NUMBER
International Standard Book Number 9780593189658
082 ## - DEWEY DECIMAL CLASSIFICATION NUMBER
Classification number K95 C256
100 ## - MAIN ENTRY--PERSONAL NAME
Personal name Carver, Courtney
9 (RLIN) 15414
245 ## - TITLE STATEMENT
Title Soulful simplicity:
Remainder of title how living with less can lead to so much more
Statement of responsibility, etc by Courtney Carver
260 ## - PUBLICATION, DISTRIBUTION, ETC. (IMPRINT)
Place of publication, distribution, etc New York
Name of publisher, distributor, etc Tarcher Perigee
Date of publication, distribution, etc 2017
300 ## - PHYSICAL DESCRIPTION
Extent 234p.
650 ## - SUBJECT ADDED ENTRY--TOPICAL TERM
Topical term or geographic name as entry element Simplicity.
9 (RLIN) 15503
650 ## - SUBJECT ADDED ENTRY--TOPICAL TERM
Topical term or geographic name as entry element Self help -- Personal Growth -- Happiness.
9 (RLIN) 15504
650 ## - SUBJECT ADDED ENTRY--TOPICAL TERM
Topical term or geographic name as entry element Self help -- Motivational & Inspirational.
9 (RLIN) 15505
650 ## - SUBJECT ADDED ENTRY--TOPICAL TERM
Topical term or geographic name as entry element Self-actualization (Psychology)
9 (RLIN) 15506
Holdings
Withdrawn status Lost status Source of classification or shelving scheme Damaged status Koha normalized classification for sorting Not for loan Permanent location Current location Date acquired Total Checkouts Full call number Barcode Date last seen Date last borrowed Price effective from Koha item type
        K_95_000000000000000_C256   Indian Institute of Public Administration Indian Institute of Public Administration 2020-01-17 2 K95 C256 88352 2020-09-16 2020-09-01 2020-01-17 Book

Powered by Koha